000
00296nam a22001337a 4500
003
SGT
020
_a
978-93-325-8118-01
082
_a
658.4
_b
LEV
100
_a
LEVIN, RICHARD J.
245
_a
STATISTICS FOR MANAGEMENT
260
_a
DELHI
_b
PEARSON
_c
2018
300
_a
985
942
_2
ddc
_c
BK
_0
2
999
_c
19043
_d
19043